Mumbai Metro Line 3 Stations - Statistics

General Stats
  • This quiz has been taken 11 times
    10 since last reset
  • The average score is 16 of 28
Answer Stats
First Letter Answer % Correct
A Aarey Colony
86%
B Badhwar Park
86%
B BKC
86%
C Cuffe Parade (Colaba)
86%
D Dadar Metro
86%
M Marol Naka
86%
C Churchgate Metro
71%
S Seepz Village
71%
W Worli
71%
A Acharya Atre Chowk
57%
A Airport T1
57%
A Airport T2
57%
C CSMT Metro
57%
M Mahalakshmi Metro
57%
M MIDC
57%
S Santacruz (E)
57%
S Shri Siddhivinayak Temple
57%
D Dharavi
43%
K Kalbadevi
43%
S Sahar Road
43%
S Science Museum
43%
S Sitladevi Temple
43%
G Girgaon
29%
G Grant Road Metro
29%
H Hutatma Chowk
29%
M Mumbai Central Metro
29%
V Vidhan Sabha Mantralaya
29%
V Vidyanagri
29%
No matching quizzes found
Score Distribution
Percent of People with Each Score
Percentile by Number Answered
Your Score History
You have not taken this quiz since the last reset